| 000 | 00592nam a2200205 i 4500 | ||
|---|---|---|---|
| 001 | 39787 | ||
| 003 | ES-MaACL | ||
| 005 | 20230906160100.0 | ||
| 007 | t| | ||
| 008 | 030304s1982 sp ||||1| spa d | ||
| 020 | _a84-7178-470-X | ||
| 080 | _a32(460)"1977/..." | ||
| 100 | 1 |
_aCampo Vidal, Manuel. _934222 |
|
| 245 | 1 | 3 |
_aLa España que hereda Felipe Gónzález / _cManuel Campo Vidal. |
| 250 | _a1ª ed. | ||
| 260 |
_aBarcelona : _bArgos Vergara, _c1982. |
||
| 300 |
_a223 p. ; _c22 cm. |
||
| 651 | 4 |
_aEspaña- _xHistoria- _y1975-1982, Transición. _9149272 |
|
| 852 | 4 |
_aES-MaACL _jL-4464 |
|
| 999 |
_c39787 _d39787 |
||